[Event "9th Asrian Memorial 2016"]
[Site "Yerevan ARM"]
[Date "2016.06.16"]
[Round "1.1"]
[White "Davtyan, Artur"]
[Black "Hovhannisyan, Robert"]
[Result "0-1"]
[BlackTitle "GM"]
[WhiteElo "2239"]
[BlackElo "2641"]
[WhiteFideId "13308327"]
[BlackFideId "13302507"]
[EventDate "2016.06.16"]

1. d4 e6 2. c4 Bb4+ 3. Nc3 b6 4. Qc2 Bb7 5. a3 Bxc3+ 6. Qxc3 Qf6 7. e3 c5 8. Ne2
Nc6 9. b4 cxd4 10. Nxd4 Nxd4 11. Qxd4 Qxd4 12. exd4 Ne7 13. Bb2 f6 14. f3 Rc8
15. Rc1 Kf7 16. Bd3 Ng6 17. Kf2 Nf4 18. Bf1 g5 19. g3 Ng6 20. Bd3 h5 21. h4 g4
22. Be4 Bxe4 23. fxe4 d6 24. Rhf1 Ne7 25. d5 e5 26. Ke3 Kg6 27. Kd3 Rhf8 28. c5
bxc5 29. bxc5 dxc5 30. Rf2 f5 31. exf5+ Nxf5 32. Bxe5 c4+ 33. Kc3 Rcd8 34. Re1
Rxd5 35. Kxc4 Rd7 36. Kb3 Re8 37. Rff1 Rb7+ 38. Kc4 Rc8+ 39. Kd5 Rd7+ 40. Ke6
Rd3 0-1

[Event "9th Asrian Memorial 2016"]
[Site "Yerevan ARM"]
[Date "2016.06.16"]
[Round "1.2"]
[White "Zubov, Alexander"]
[Black "Tiraturyan, David"]
[Result "1/2-1/2"]
[WhiteTitle "GM"]
[WhiteElo "2627"]
[BlackElo "2235"]
[WhiteFideId "14109409"]
[BlackFideId "13304402"]
[EventDate "2016.06.16"]

1. d4 d5 2. c4 c6 3. Nc3 Nf6 4. e3 a6 5. Nf3 Bg4 6. h3 Bxf3 7. Qxf3 e6 8. Bd3
Bb4 9. O-O O-O 10. Qd1 Nbd7 11. Qb3 Bxc3 12. bxc3 b5 13. cxd5 exd5 14. a4 Nb6
15. axb5 axb5 16. Rxa8 Qxa8 17. f3 Qa4 18. Qb1 Qa5 19. Qc2 Ra8 20. e4 Qa2 21.
Bb2 Qa4 22. Ra1 Qxc2 23. Rxa8+ Nxa8 24. Bxc2 Nb6 25. Ba3 Nfd7 26. e5 Nc4 27. Be7
Ne3 28. Bd3 Nb6 29. Be2 Na4 30. Kf2 Nc4 31. Bb4 Nab2 32. g4 g5 33. Kg3 Nd2 34.
h4 h6 35. hxg5 hxg5 36. Be7 Nb1 37. Kf2 Nxc3 38. Bf1 Na2 39. Bxg5 b4 40. Ke1 b3
41. Bd2 Na4 42. Kd1 Nb2+ 43. Ke1 Na4 1/2-1/2

[Event "9th Asrian Memorial 2016"]
[Site "Yerevan ARM"]
[Date "2016.06.16"]
[Round "1.3"]
[White "Gavrish, Leonid"]
[Black "Ter-Sahakyan, Samvel"]
[Result "0-1"]
[BlackTitle "GM"]
[WhiteElo "2212"]
[BlackElo "2617"]
[WhiteFideId "14110040"]
[BlackFideId "13302531"]
[EventDate "2016.06.16"]

1. d4 Nf6 2. c4 e6 3. Nc3 Bb4 4. e3 O-O 5. Bd3 d5 6. cxd5 exd5 7. Ne2 Re8 8. O-O
Bf8 9. Bd2 b6 10. Rc1 Bb7 11. f3 c5 12. Qe1 Nbd7 13. Qf2 a6 14. Kh1 g6 15. Bb1
Bg7 16. Nf4 Rc8 17. Nd3 h5 18. Nf4 Nf8 19. a3 Qd6 20. Ba2 c4 21. Bb1 b5 22. Rce1
Qb6 23. h3 Rcd8 24. Nfe2 Rd7 25. g4 hxg4 26. hxg4 Ne6 27. Qh4 Rde7 28. g5 Nh5
29. f4 Nxd4 30. exd4 Bxd4 31. Nxd4 Qxd4 32. Rxe7 Rxe7 33. Re1 Qc5 34. Rxe7 Qxe7
35. Kg1 d4 36. Nd1 Qe2 37. Nf2 Qxd2 0-1

[Event "9th Asrian Memorial 2016"]
[Site "Yerevan ARM"]
[Date "2016.06.16"]
[Round "1.4"]
[White "Oleksiyenko, Mykhaylo"]
[Black "Hairapetian, Anna"]
[Result "1-0"]
[WhiteTitle "GM"]
[BlackTitle "WIM"]
[WhiteElo "2615"]
[BlackElo "2184"]
[WhiteFideId "4152417"]
[BlackFideId "13303554"]
[EventDate "2016.06.16"]

1. d4 Nf6 2. c4 g6 3. g3 Bg7 4. Bg2 d6 5. Nf3 O-O 6. O-O c5 7. d5 e6 8. Nc3 exd5
9. cxd5 Re8 10. Nd2 a6 11. a4 Nbd7 12. h3 b6 13. f4 Nh5 14. Kh2 f5 15. e4 Ndf6
16. exf5 Bxf5 17. Nf3 Ra7 18. Ng5 h6 19. Ne6 Qe7 20. Re1 Nxg3 21. Nxg7 Qxe1 22.
Nxe8 Qxe8 23. Kxg3 Re7 24. Bd2 b5 25. axb5 axb5 26. Qf1 b4 27. Nb5 Qb8 28. Ra6
Ne8 29. Bf3 Bd7 30. Na7 Nc7 31. Nc6 Bxc6 32. Rxc6 Nb5 33. Bg4 Kg7 34. f5 Rf7 35.
f6+ 1-0

[Event "9th Asrian Memorial 2016"]
[Site "Yerevan ARM"]
[Date "2016.06.16"]
[Round "1.5"]
[White "Mkrtchyan, Sargis R."]
[Black "Gabuzyan, Hovhannes"]
[Result "0-1"]
[BlackTitle "GM"]
[WhiteElo "2183"]
[BlackElo "2614"]
[WhiteFideId "13307878"]
[BlackFideId "13303732"]
[EventDate "2016.06.16"]

1. Nf3 d5 2. d4 c6 3. c4 Nf6 4. g3 Bf5 5. Bg2 e6 6. O-O Nbd7 7. b3 h6 8. Bb2 Be7
9. Nc3 O-O 10. Ne5 Qc7 11. Nxd7 Qxd7 12. Qd2 b5 13. Rfd1 bxc4 14. bxc4 Bb4 15.
Qc1 Rab8 16. Na4 Qb7 17. a3 Be7 18. Bc3 Qb3 19. Nc5 Qxc4 20. Bb4 Qxe2 21. Bf1
Qh5 22. Na6 Be4 23. Qc3 Bxb4 24. axb4 Rb6 25. Rdc1 Nh7 26. Nc5 Ng5 27. Nxe4 Nxe4
28. Qe1 Rfb8 29. b5 cxb5 30. Rxa7 b4 31. Rcc7 b3 32. Bd3 b2 33. Bb1 Ng5 0-1

[Event "9th Asrian Memorial 2016"]
[Site "Yerevan ARM"]
[Date "2016.06.16"]
[Round "1.6"]
[White "Andriasian, Zaven"]
[Black "Movsisyan, Vardan"]
[Result "1-0"]
[WhiteTitle "GM"]
[WhiteElo "2611"]
[BlackElo "2179"]
[WhiteFideId "13302000"]
[BlackFideId "13301799"]
[EventDate "2016.06.16"]

1. e4 e5 2. Nf3 Nf6 3. Nc3 Nc6 4. Bb5 Bb4 5. O-O Nd4 6. Nxd4 exd4 7. e5 dxc3 8.
bxc3 Bf8 9. exf6 Qxf6 10. Re1+ Kd8 11. d4 c6 12. Bf1 d5 13. c4 dxc4 14. Bxc4 Bd6
15. Qh5 Kc7 16. Bg5 Qg6 17. Qh4 Bd7 18. Bd3 Bf5 19. Bf4 Rad8 20. Bxf5 Qxf5 21.
Qe7+ Rd7 22. Bxd6+ Kc8 23. Qe5 Qxc2 24. Qxg7 Rhd8 25. Bg3 1-0

[Event "9th Asrian Memorial 2016"]
[Site "Yerevan ARM"]
[Date "2016.06.16"]
[Round "1.7"]
[White "Babayan, Armine"]
[Black "Pashikian, Arman"]
[Result "0-1"]
[BlackTitle "GM"]
[WhiteElo "2169"]
[BlackElo "2611"]
[WhiteFideId "13304135"]
[BlackFideId "13301578"]
[EventDate "2016.06.16"]

1. e4 e5 2. Nf3 Nc6 3. Bb5 a6 4. Ba4 Nf6 5. d3 Bc5 6. O-O d6 7. c3 O-O 8. h3 h6
9. Re1 Ba7 10. d4 b5 11. Bc2 Bb7 12. d5 Ne7 13. Nh4 c6 14. dxc6 Bxc6 15. Qf3 Nh7
16. Qd3 Qd7 17. Nd2 g5 18. Nf5 Nxf5 19. exf5 Rfe8 20. h4 gxh4 21. Qh3 Kh8 22.
Qxh4 Rg8 23. Be4 d5 24. Bc2 e4 25. Nf1 Qxf5 26. Be3 Qg6 27. Ng3 Bxe3 28. Rxe3
Ng5 29. f4 Nh7 30. Kf2 Nf6 31. Bd1 Bd7 32. Be2 Bg4 33. Rh1 Kh7 34. Ke1 Rad8 35.
Nf1 Bxe2 36. Rxe2 Ng4 37. Ne3 Rd6 38. Qe7 Nxe3 39. Rxe3 Qf6 40. Qxf6 Rxf6 41. g3
Rf5 42. Kf2 Rg4 43. Ree1 h5 44. Rh3 Rg8 45. Ke3 Kg6 46. Rg1 Kf6 47. Rgh1 a5 48.
Kd4 b4 49. c4 dxc4 50. Kxc4 e3 51. Re1 Rc8+ 52. Kb3 Re8 53. Rh2 Re4 54. Kc2 Rd5
55. Rhe2 Kf5 56. Rxe3 Rxe3 57. Rxe3 Kg4 58. a3 bxa3 59. bxa3 Rb5 60. a4 Rb4 61.
Re5 Kxg3 62. Rxh5 Rxa4 63. Rf5 Rxf4 64. Rxa5 Rd4 65. Rf5 Rd7 66. Rf6 0-1

[Event "9th Asrian Memorial 2016"]
[Site "Yerevan ARM"]
[Date "2016.06.16"]
[Round "1.8"]
[White "Grigoryan, Karen H."]
[Black "Zhylkaidarova, Sholpan"]
[Result "1-0"]
[WhiteTitle "GM"]
[BlackTitle "WFM"]
[WhiteElo "2604"]
[BlackElo "2164"]
[WhiteFideId "13301004"]
[BlackFideId "13700138"]
[EventDate "2016.06.16"]

1. c4 e5 2. Nc3 Nc6 3. Nf3 Nf6 4. e4 Bc5 5. Nxe5 Nxe5 6. d4 Bb4 7. dxe5 Nxe4 8.
Qd3 Nxc3 9. bxc3 Bc5 10. Qg3 g6 11. Bh6 Bf8 12. Bxf8 Kxf8 13. Bd3 Qe7 14. O-O
Kg7 15. f4 d6 16. f5 Qxe5 17. f6+ Kf8 18. Qxe5 dxe5 19. Be4 Rb8 20. Rad1 Ke8 21.
Rd2 c6 22. Rb1 Bd7 23. a4 a5 24. c5 h5 25. h4 Rg8 26. Bf3 g5 27. Re2 gxh4 28.
Rxe5+ Be6 29. Bxc6+ Kd8 30. Rxh5 Kc7 31. Bf3 h3 32. Rb6 hxg2 33. Rxe6 fxe6 34.
Rh7+ Kc8 35. Re7 b5 36. f7 Rf8 37. c6 bxa4 38. Bg4 Rb1+ 39. Kxg2 Re1 40. Re8+ 1-0

[Event "9th Asrian Memorial 2016"]
[Site "Yerevan ARM"]
[Date "2016.06.16"]
[Round "1.9"]
[White "Hakobyan, Hovhannes H."]
[Black "Zhigalko, Andrey"]
[Result "0-1"]
[BlackTitle "GM"]
[WhiteElo "2161"]
[BlackElo "2594"]
[WhiteFideId "13306308"]
[BlackFideId "13502247"]
[EventDate "2016.06.16"]

1. e4 c5 2. Nf3 e6 3. Nc3 a6 4. d4 cxd4 5. Nxd4 Qc7 6. Qf3 Nf6 7. g4 Nc6 8. Nxc6
dxc6 9. g5 Nd7 10. Be3 b5 11. O-O-O Bb7 12. Qg3 O-O-O 13. e5 Be7 14. Bg2 c5 15.
Ne4 Nxe5 16. Bf4 f6 17. Rde1 Rd4 18. Re2 Rhd8 19. Rhe1 Qd7 20. b3 Rd1+ 21. Kb2
Qd4+ 22. Qc3 Rxe1 23. Rxe1 Qxc3+ 24. Kxc3 Ng6 25. Be3 f5 26. Nxc5 Bxg2 27. Nxe6
Rd7 28. Nxg7 Rc7+ 29. Kb2 Bb4 0-1

[Event "9th Asrian Memorial 2016"]
[Site "Yerevan ARM"]
[Date "2016.06.16"]
[Round "1.10"]
[White "Kovalev, Vladislav"]
[Black "Golikov, Daniil"]
[Result "1-0"]
[WhiteTitle "GM"]
[WhiteElo "2584"]
[BlackElo "2142"]
[WhiteFideId "13504398"]
[BlackFideId "24170623"]
[EventDate "2016.06.16"]

1. e4 e6 2. Qe2 c5 3. g3 Nc6 4. Bg2 g6 5. c3 Bg7 6. f4 Nge7 7. Nf3 O-O 8. O-O d6
9. Rd1 Qc7 10. Na3 a6 11. Nc2 Bd7 12. d4 cxd4 13. cxd4 d5 14. e5 Rfc8 15. Ne3
Nb4 16. Ne1 Nf5 17. g4 Bb5 18. Qf2 Nxe3 19. Bxe3 Qb6 20. f5 exf5 21. gxf5 gxf5
22. a3 Nc6 23. Bxd5 Ne7 24. Bg2 Qg6 25. Kh1 Rc7 26. d5 Rd7 27. Bf4 Bc4 28. d6
Nc6 29. Rac1 Bb5 30. Nf3 Re8 31. Rg1 Kh8 32. a4 Bxa4 33. Bf1 Qh5 34. Rg5 Qh6 35.
Rxf5 Qe6 36. Rh5 Bb3 37. Bh3 f5 38. Bxf5 Qf7 39. Rxh7+ Kg8 40. Rxg7+ 1-0

[Event "9th Asrian Memorial 2016"]
[Site "Yerevan ARM"]
[Date "2016.06.16"]
[Round "1.11"]
[White "Gharibyan, Mamikon"]
[Black "Stupak, Kirill"]
[Result "0-1"]
[WhiteTitle "CM"]
[BlackTitle "GM"]
[WhiteElo "2085"]
[BlackElo "2555"]
[WhiteFideId "13308300"]
[BlackFideId "13503758"]
[EventDate "2016.06.16"]

1. d4 g6 2. c4 Bg7 3. Nf3 d6 4. Nc3 e5 5. dxe5 dxe5 6. Qxd8+ Kxd8 7. e4 c6 8.
Be3 Kc7 9. O-O-O f6 10. Be2 Be6 11. Kb1 Nd7 12. Rd2 a5 13. Rc1 Re8 14. Rdd1 Bh6
15. Nd2 Bxe3 16. fxe3 Ra8 17. Rf1 Kd8 18. Na4 b6 19. c5 b5 20. Nb6 Rb8 21. Nxd7
Kxd7 22. Nb3 Bxb3 23. axb3 h5 24. Kc2 Rh7 25. Ra1 Ra8 26. Ra3 Ke6 27. Rd1 Rd7
28. Rxd7 Kxd7 29. b4 a4 30. b3 axb3+ 31. Kxb3 Rxa3+ 32. Kxa3 Nh6 33. Kb2 Nf7 34.
Kc3 Ng5 35. Kd3 Ke6 36. h4 Nf7 37. Bf3 Ke7 38. Ke2 Nd8 39. Kf2 Ne6 40. g3 Nc7
41. g4 hxg4 42. Bxg4 Na6 43. Bc8 Nxb4 44. Ke2 Na2 45. Kd2 b4 46. Kc2 Nc3 47. Kb3
Nxe4 48. Kxb4 f5 49. Kc4 Nf6 50. Kd3 Nd7 51. Kc4 Kd8 52. Ba6 Nb8 53. Bb7 Kc7 54.
Ba8 Nd7 0-1

[Event "9th Asrian Memorial 2016"]
[Site "Yerevan ARM"]
[Date "2016.06.16"]
[Round "1.12"]
[White "Sivuk, Vitaly"]
[Black "Korniyuk, Mariya"]
[Result "1-0"]
[WhiteTitle "GM"]
[BlackTitle "WFM"]
[WhiteElo "2520"]
[BlackElo "2082"]
[WhiteFideId "14116502"]
[BlackFideId "14118874"]
[EventDate "2016.06.16"]

1. e4 e5 2. Nf3 Nc6 3. Bb5 a6 4. Ba4 Nf6 5. O-O Be7 6. d3 b5 7. Bb3 d6 8. a3 Bg4
9. c3 Qd7 10. Re1 O-O 11. Nbd2 Rfe8 12. h3 Be6 13. Bc2 h6 14. d4 exd4 15. cxd4
d5 16. e5 Nh7 17. Nf1 Bf5 18. Ng3 Bxc2 19. Qxc2 Rac8 20. Nf5 Bf8 21. Bd2 Ne7 22.
Ng3 Qe6 23. a4 Ng6 24. b4 Be7 25. Nf5 Nhf8 26. h4 Nd7 27. h5 Ngf8 28. a5 f6 29.
Ra3 fxe5 30. Nxe5 Nxe5 31. Rxe5 Qd7 32. Rg3 Bf6 33. Nxg7 Rxe5 34. Nf5+ Kh8 35.
dxe5 Bxe5 36. f4 Bf6 37. Nxh6 Ne6 38. Qg6 Rf8 39. Ng4 Bg7 40. f5 Nd4 41. f6 Ne2+
42. Kh2 Nxg3 43. fxg7+ Qxg7 44. Qxg7+ Kxg7 45. Bh6+ 1-0

[Event "9th Asrian Memorial 2016"]
[Site "Yerevan ARM"]
[Date "2016.06.16"]
[Round "1.13"]
[White "Yeritsyan, Hayk"]
[Black "Petrosyan, Manuel"]
[Result "1-0"]
[BlackTitle "IM"]
[WhiteElo "2082"]
[BlackElo "2518"]
[WhiteFideId "13307320"]
[BlackFideId "13300857"]
[EventDate "2016.06.16"]

1. d4 Nf6 2. c4 e6 3. Nf3 c5 4. d5 b5 5. e4 Nxe4 6. cxb5 Qa5+ 7. Nc3 Bb7 8. dxe6
fxe6 9. Qc2 a6 10. Bd3 Nxc3 11. bxc3 axb5 12. O-O Bxf3 13. gxf3 Qa4 14. Qe2 c4
15. Be4 Be7 16. Bxa8 Qxa8 17. Qe4 Qa6 18. Bf4 O-O 19. Rad1 d5 20. Qe3 Nd7 21.
Rfe1 Nc5 22. Be5 Nd3 23. Re2 Bc5 24. Bd4 Bxd4 25. cxd4 Nf4 26. Rb2 e5 27. Kh1
Qh6 28. Rg1 Rf5 29. Rxb5 Rh5 30. Rb8+ Kf7 31. Rb7+ Ke8 32. Rb8+ Kf7 33. Rb7+ Ke8
34. Rb8+ Kf7 35. Rb7+ Kf6 36. Rb6+ Ne6 37. Qxh6+ gxh6 38. f4 e4 39. a4 Kf5 40.
a5 c3 41. a6 Nc7 42. a7 Kxf4 43. Rf6+ Rf5 44. Rxf5+ Kxf5 45. Rc1 1-0

[Event "9th Asrian Memorial 2016"]
[Site "Yerevan ARM"]
[Date "2016.06.16"]
[Round "1.14"]
[White "Kotanjian, Tigran"]
[Black "Matevosyan, Sedrak"]
[Result "1/2-1/2"]
[WhiteTitle "GM"]
[WhiteElo "2485"]
[BlackElo "2077"]
[WhiteFideId "13301250"]
[BlackFideId "13302035"]
[EventDate "2016.06.16"]

1. d4 Nf6 2. c4 e6 3. Nc3 Bb4 4. Qc2 O-O 5. a3 Bxc3+ 6. Qxc3 b6 7. Bg5 Bb7 8. f3
d5 9. e3 Nbd7 10. cxd5 Nxd5 11. Bxd8 Nxc3 12. Bg5 Nd5 13. e4 f6 14. Bd2 Ne7 15.
Bc4 Kf7 16. Ne2 Rfe8 17. Nf4 Ng6 18. Nd3 c5 19. dxc5 Rec8 20. Be3 Nge5 21. Nxe5+
Nxe5 22. Be2 bxc5 23. Rc1 c4 24. Bd4 Nd3+ 25. Bxd3 cxd3 26. Kd2 a5 27. Kxd3 Ba6+
28. Ke3 a4 29. Bc3 e5 30. Rhd1 Ke6 31. g3 Rd8 32. f4 exf4+ 33. gxf4 g6 34. Bb4
Rxd1 35. Rxd1 Bc4 36. Rd6+ Kf7 37. Bc3 Ra6 38. Rd7+ Kg8 39. Rc7 Bb3 40. h4 h5
41. e5 fxe5 42. fxe5 Kf8 43. Kf4 Ke8 44. Bb4 Re6 45. Bd6 Bd1 46. b4 axb3 47. Rb7
Bc2 48. Ke3 g5 49. hxg5 h4 50. Kf4 Rg6 51. Kg4 h3 52. Kxh3 Rxg5 53. e6 Bf5+ 54.
Kh4 Rg4+ 55. Kh5 Bxe6 56. Re7+ Kd8 57. Rxe6 Kd7 58. Re2 Rc4 59. Bf8 Kc6 60. Re3
b2 61. Rb3 Rf4 62. Be7 Re4 63. Bg5 Ra4 64. Be7 Re4 65. Bb4 Re2 66. Kg6 Kb5 67.
Bf8+ Ka4 68. Rb7 Rg2+ 69. Kh5 Rf2 70. Bg7 Kxa3 1/2-1/2

[Event "9th Asrian Memorial 2016"]
[Site "Yerevan ARM"]
[Date "2016.06.16"]
[Round "1.15"]
[White "Avetisyan, Mariam"]
[Black "Petrosyan, Tigran S."]
[Result "0-1"]
[BlackTitle "IM"]
[WhiteElo "2050"]
[BlackElo "2478"]
[WhiteFideId "13307622"]
[BlackFideId "13303678"]
[EventDate "2016.06.16"]

1. d4 Nf6 2. c4 e6 3. Nc3 Bb4 4. f3 Nh5 5. Nh3 f5 6. Bg5 Bxc3+ 7. bxc3 Nf6 8. e4
h6 9. Bh4 d6 10. Bd3 fxe4 11. fxe4 e5 12. O-O O-O 13. Bxf6 Rxf6 14. Rxf6 Qxf6
15. Qh5 Qf7 16. Qh4 Nc6 17. d5 Qe7 18. Qh5 Nb8 19. c5 Nd7 20. c6 bxc6 21. dxc6
Nf6 22. Qh4 Rb8 23. Rd1 Be6 24. c4 Rb6 25. Qf2 a6 26. a4 Qf7 27. Rc1 Rxc6 28.
Qa7 Kh7 29. Qa8 Rb6 30. a5 Rb2 31. Nf4 Ng4 32. Ne2 Qf2+ 33. Kh1 Rxe2 34. Bxe2
Qf4 0-1

[Event "9th Asrian Memorial 2016"]
[Site "Yerevan ARM"]
[Date "2016.06.16"]
[Round "1.16"]
[White "Igonin, Temur"]
[Black "Sayadyan, Edvard"]
[Result "1-0"]
[WhiteTitle "IM"]
[WhiteElo "2474"]
[BlackElo "2016"]
[WhiteFideId "14203049"]
[BlackFideId "13304909"]
[EventDate "2016.06.16"]

1. e4 c5 2. Nf3 d6 3. d4 cxd4 4. Nxd4 Nf6 5. Nc3 g6 6. Be3 Bg7 7. f3 O-O 8. Qd2
Nc6 9. O-O-O d5 10. exd5 Nxd5 11. Nxc6 bxc6 12. Bd4 Bxd4 13. Qxd4 Qb6 14. Na4
Qa5 15. b3 Be6 16. Qe5 Qb4 17. c4 Nb6 18. Qc5 Qxc5 19. Nxc5 Bf5 20. g4 Bc8 21.
h4 a5 22. h5 a4 23. b4 f5 24. g5 f4 25. hxg6 hxg6 26. Bd3 Bf5 27. Rh6 Bxd3 28.
Nxd3 Nxc4 29. Rxg6+ Kf7 30. Nxf4 Rfc8 31. Rh6 c5 32. Rh7+ Ke8 33. Ng6 Rc7 34.
Rh8+ Kf7 35. Rxa8 Kxg6 36. Ra6+ Nd6 37. b5 Kxg5 38. b6 Rb7 39. Rd5+ Kf4 40. Rxc5
e5 41. Rxa4+ Kxf3 42. Rc3+ Kf2 43. Rc6 Nb5 44. Ra5 Nd4 45. Rf6+ Nf3 46. Rxe5 1-0

[Event "9th Asrian Memorial 2016"]
[Site "Yerevan ARM"]
[Date "2016.06.16"]
[Round "1.17"]
[White "Chubar, Vladimir"]
[Black "Babujian, Levon"]
[Result "0-1"]
[WhiteTitle "IM"]
[BlackTitle "GM"]
[WhiteElo "2007"]
[BlackElo "2469"]
[WhiteFideId "14101491"]
[BlackFideId "13301993"]
[EventDate "2016.06.16"]

1. d4 Nf6 2. Nf3 g6 3. Bg5 Bg7 4. Nbd2 c5 5. Bxf6 Bxf6 6. Ne4 Bxd4 7. Nxd4 cxd4
8. Qxd4 O-O 9. c4 Nc6 10. Qd2 d6 11. g3 Be6 12. Rc1 Rc8 13. Bg2 Qa5 14. b3 Qxd2+
15. Nxd2 b5 16. O-O bxc4 17. bxc4 Rc7 18. Nb3 Ne5 19. Bd5 Nxc4 20. Bxe6 fxe6 21.
Nd4 Rf6 22. Nb5 Rc5 23. Nc3 d5 24. e4 d4 25. Na4 Rc6 26. Nb2 Na5 27. Nd3 Rf3 28.
Ne5 Rxc1 29. Rxc1 Rc3 30. Rd1 Nc4 31. Nxc4 Rxc4 32. e5 Kf7 33. Kg2 g5 34. g4 Ra4
35. Rd2 Ke8 36. h4 gxh4 37. Kh3 Kd7 38. Kxh4 Kc6 39. Kg5 Kd5 40. f4 Ke4 41. Re2+
Kf3 42. Rh2 d3 43. Rxh7 d2 44. Rh1 Rxf4 45. Rf1+ Ke3 46. Rxf4 d1=Q 47. Rb4 Qd5
48. Kh6 a5 49. Ra4 Qb5 0-1

[Event "9th Asrian Memorial 2016"]
[Site "Yerevan ARM"]
[Date "2016.06.16"]
[Round "1.18"]
[White "Harutyunian, Tigran K."]
[Black "Shmavonyan, Areg"]
[Result "1-0"]
[WhiteTitle "IM"]
[WhiteElo "2462"]
[BlackElo "1995"]
[WhiteFideId "13303635"]
[BlackFideId "13309420"]
[EventDate "2016.06.16"]

1. c4 Nf6 2. Nc3 c5 3. Nf3 e6 4. e3 Be7 5. d4 cxd4 6. exd4 d5 7. Bd3 O-O 8. O-O
dxc4 9. Bxc4 Nbd7 10. Re1 Nb6 11. Bb3 Nbd5 12. Bg5 Bd7 13. Ne5 Bc6 14. Nxc6 bxc6
15. Rc1 Qa5 16. Na4 Rfd8 17. Nc5 Qb6 18. Qe2 Kh8 19. Nd3 h6 20. Ne5 hxg5 21.
Nxf7+ Kh7 22. Nxg5+ Kh8 23. Nf7+ Kh7 24. Qxe6 Re8 25. Bc2+ g6 26. Ne5 Rg8 27.
Nxg6 Rxg6 28. Qf7+ Kh8 29. Qxg6 Bf8 30. Re5 Bg7 31. Rce1 Kg8 32. Re7 Nxe7 33.
Rxe7 Ne8 34. Rxe8+ Rxe8 35. Qxe8+ Bf8 36. Bb3+ 1-0

[Event "9th Asrian Memorial 2016"]
[Site "Yerevan ARM"]
[Date "2016.06.16"]
[Round "1.19"]
[White "Grigoryan, Arpine"]
[Black "Baghdasaryan, Vahe"]
[Result "1/2-1/2"]
[BlackTitle "IM"]
[WhiteElo "1978"]
[BlackElo "2452"]
[WhiteFideId "13307231"]
[BlackFideId "13303139"]
[EventDate "2016.06.16"]

1. e4 c5 2. Nf3 d6 3. d4 cxd4 4. Nxd4 Nf6 5. f3 g6 6. c4 Bg7 7. Be3 O-O 8. Nc3
Nc6 9. Qd2 a6 10. Be2 Bd7 11. O-O Rc8 12. Rfd1 Na5 13. b3 e6 14. Rac1 b6 15. f4
Qc7 16. b4 Nb7 17. e5 1/2-1/2

[Event "9th Asrian Memorial 2016"]
[Site "Yerevan ARM"]
[Date "2016.06.16"]
[Round "1.20"]
[White "Mikaelyan, Arman"]
[Black "Karapetyan, Lusine"]
[Result "1-0"]
[WhiteTitle "IM"]
[WhiteElo "2444"]
[BlackElo "1961"]
[WhiteFideId "13304852"]
[BlackFideId "13303163"]
[EventDate "2016.06.16"]

1. Nf3 Nf6 2. g3 g6 3. b3 d5 4. Bb2 Bg7 5. Bg2 O-O 6. O-O c6 7. c4 a5 8. Nc3 Re8
9. cxd5 cxd5 10. Rc1 Ne4 11. d3 Nxc3 12. Bxc3 Nc6 13. Bxg7 Kxg7 14. Qd2 f6 15.
d4 Be6 16. e3 Qd6 17. Ne1 a4 18. Nd3 axb3 19. axb3 Na5 20. Rc3 b6 21. Rfc1 Rec8
22. Nf4 Rxc3 23. Qxc3 Bf7 24. h4 h6 25. Qc7 Rd8 26. b4 Nc4 27. Qxd6 Rxd6 28.
Bxd5 Rxd5 29. Rxc4 Rb5 30. Rc7 Rxb4 31. Rxe7 Kf8 32. Re4 b5 33. h5 gxh5 34. Ne6+
Kg8 35. Nd8 Rb1+ 36. Kh2 Bd5 37. Re8+ Kh7 38. e4 Re1 39. f3 f5 40. Re7+ Kg8 41.
Re5 fxe4 42. Rxd5 exf3 43. Rf5 Re2+ 44. Kh3 Rd2 45. Nc6 Rc2 46. Ne7+ Kg7 47.
Rxf3 b4 48. Nd5 Rd2 49. Nf4 Kf6 50. Nxh5+ Ke6 51. Nf4+ Kd6 52. Nd3 b3 53. Nc5
Rxd4 54. Nxb3 Rb4 55. Re3 1-0

[Event "9th Asrian Memorial 2016"]
[Site "Yerevan ARM"]
[Date "2016.06.16"]
[Round "1.21"]
[White "Sargsyan, Anna M."]
[Black "Martirosyan, Haik M."]
[Result "1/2-1/2"]
[BlackTitle "IM"]
[WhiteElo "1948"]
[BlackElo "2443"]
[WhiteFideId "13308130"]
[BlackFideId "13306553"]
[EventDate "2016.06.16"]

1. d4 c5 2. c3 Nf6 3. Nf3 b6 4. Bf4 Bb7 5. e3 g6 6. Be2 Bg7 7. h3 O-O 8. O-O d6
9. Nbd2 Nbd7 10. a4 a6 11. Bh2 Ra7 12. b4 Qa8 13. Qb3 Rc8 14. Rac1 h6 15. Rfd1
Bc6 16. c4 Ne4 17. d5 Nxd2 18. Rxd2 Bb7 19. e4 Qb8 20. Bd3 Qc7 21. Re2 cxb4 22.
Qxb4 Qc5 23. Qb1 a5 24. Rce1 Ba6 25. e5 Bxc4 26. e6 Nf8 27. exf7+ Kxf7 28. Bxc4
Qxc4 29. Qxb6 Rcc7 30. Qe3 Qxd5 31. Rd2 Qc4 32. Nd4 Qxa4 33. Ne6 Rd7 34. Bf4 g5
35. Bxg5 hxg5 36. Nxg7 Qf4 37. Qxf4+ gxf4 38. Nf5 Ng6 39. Ra1 Kf6 40. Nd4 Ne5
41. Ra4 Rdb7 42. Rda2 Rb1+ 43. Kh2 Rc7 44. Ne2 f3 45. Rf4+ Kg6 46. gxf3 Rcb7 47.
Kg2 R7b2 48. Rfa4 Rxa2 49. Rxa2 Nc6 50. Nf4+ Kf5 51. Nd5 e5 52. f4 exf4 53. Ra4
Rb5 54. Rxf4+ Ke5 55. Nc3 Kxf4 56. Nxb5 Ke5 57. f4+ Kd5 58. Kf3 Kc4 59. Nxd6+
Kb4 60. Ke3 a4 61. Kd2 a3 62. Kc1 Nd4 63. Ne4 Ne2+ 64. Kb1 Nxf4 65. Nd2 Nxh3 66.
Ka1 Nf4 67. Nb1 a2 68. Kxa2 Ne2 69. Kb2 Nc1 70. Kxc1 1/2-1/2

[Event "9th Asrian Memorial 2016"]
[Site "Yerevan ARM"]
[Date "2016.06.16"]
[Round "1.22"]
[White "Shahinyan, David"]
[Black "Kshtoyan, Indat"]
[Result "1-0"]
[WhiteTitle "IM"]
[WhiteElo "2442"]
[BlackElo "1939"]
[WhiteFideId "13304380"]
[BlackFideId "13304801"]
[EventDate "2016.06.16"]

1. c4 f5 2. Nc3 Nf6 3. g3 e6 4. Bg2 c6 5. d4 d5 6. Nf3 Bd6 7. O-O O-O 8. Qc2 Bd7
9. Bf4 Bxf4 10. gxf4 Ne4 11. e3 Be8 12. Qb3 Bh5 13. Qxb7 Bxf3 14. Bxf3 Nd7 15.
Qxc6 Rf6 16. Bxe4 fxe4 17. cxd5 Rc8 18. Qb5 Rxc3 19. bxc3 Rh6 20. f3 Qh4 21. Qe2
exf3 22. Rxf3 exd5 23. Rg3 Qe7 24. c4 Nf6 25. Rb1 Rg6 26. cxd5 Rxg3+ 27. hxg3
Qe4 28. Rb8+ Kf7 29. d6 Qd5 30. Qb5 1-0